02149naa a2200193 a 450000100080000000500110000800800410001910000140006024501480007426000090022252014850023165300270171665300180174365300150176170000170177670000180179370000300181177301140184111187442013-08-16 2013 bl uuuu u00u1 u #d1 aKURTZ, C. aRendimento e conserva????o de cebola influenciados pela dose e parcelamento de nitrog??nio no sistema de plantio direto.h[electronic resource] c2013 aO rendimento e a conserva????o da cebola (Allium cepa L.) s??o influenciados pela disponibilidade de nitrog??nio (N) no solo. O presente trabalho objetivou avaliar o efeito de doses e do n??mero de parcelamentos de N em cobertura no rendimento e na conserva????o p??s-colheita de cebola cultivada no sistema de plantio direto. Foram realizados tr??s experimentos a campo num Cambissolo H??plico Distr??fico em Ituporanga, SC. Os tratamentos consistiram de uma combina????o fatorial (4 x 3) envolvendo quatro doses de N (0, 50, 100 e 200 kg ha-1) e tr??s modos de parcelamento de N em cobertura (aos 45, aos 45 e 75, e aos 30, 60 e 90 dias ap??s o transplante). De cada dose total de N, 25 % foram adicionados no plantio e o restante aplicado em uma ou dividido em duas ou tr??s aplica????es iguais. O rendimento de bulbos n??o foi influenciado pela adi????o de N na safra 2007/08, mas aumentou de forma quadr??tica com o aumento de N aplicado nas safras 2008/09 e 2010/11, cujas doses estimadas do nutriente que proporcionaram a m??xima efici??ncia econ??mica, foram respectivamente de 131 e 102 kg ha-1. Na sequ??ncia das safras, os rendimentos m??ximos obtidos foram de 26, 42 e 43 t ha-1, respectivamente. O aumento do n??mero de aplica????es de N em cobertura n??o afetou o rendimento nem a conserva????o p??s-colheita nas safras de 2007/08 e 2010/11, por??m houve redu????o das perdas com maior parcelamento nas doses intermedi??rias (50 e 100 kg ha-1) de N na safra 2008/09. aAduba????o nitrogenada aAllium cepa L aNutri????o1 aPAULETTI, V.1 aERNANI, P. R.1 aMENEZES J??NIOR, F. O. G. tIn: CONGRESSO BRASILEIRO DE SOLOS, 34., 2013, Florian??polis, SC. [Anais...]. Florian??polis, SC: SBCS, 2013.